00948cam a22002657a 4500003000500000005001700005008004100022010001000063011001000073035001000083040000900093100003100102245013500133260009200268300002200360410005500382490003200437650001700469650002600486650002000512650003200532650003100564810005500595830003200650CHAP20220329142135.0991216d1994 mx r 00110 spa d a79096 a80068 a90510 cCHAP00aCortéz Mondaca, Edgardo.13aLa mosca blanca en el Valle de Sanato Domingo, B.C.S. y las estratégicas para su manejo integradoc/por Edgardo Cortéz Mondaca aCd. Constitución, B.C.S. :bINIFAP. Campo Experimental Valle de Santo Domingo,c1994. a40 p. :bgráfs. aINIFAP.bCampo Experimental Valle de Santo Domingo 0aPublicación especialv; 114aAleurodidae.14aBemisia argentifolii.14aBemisia tabaci.14aManejo integrado de plagas.14aTrialeurodes vaporariorum. aINIFAP.bCampo Experimental Valle de Santo Domingo0 aPublicación especialv; 1